Roman-ėpopei︠a︡ M. Gorʹkogo "Zhiznʹ-Klima Samgina."

Bibliographic Details
Main Author: Ovcharenko, A. I. (Aleksandr Ivanovich), 1922-
Format: Book
Language:Russian
Published: Moskva : Khudozh. lit-ra, 1965.
Series:Massovai︠a︡ istoriko-literaturnai︠a︡ biblioteka.
Subjects:

MARC

Tag First Indicator Second Indicator Subfields
LEADER 00000cam a2200000I 4500
001 in00002018321
005 20151031181353.0
008 851009s1965 ru b 000 0 rus
010 |a  66087335  
035 |a (OCoLC)ocm12649924 
040 |a DLC  |c MNN  |d MNN  |d OCLCQ  |d TXA  |d UtOrBLW 
049 |a TXAM 
050 0 0 |a PG3462.Z43  |b O9 
090 |a PG3462.Z43  |b O9 1965 
100 1 |a Ovcharenko, A. I.  |q (Aleksandr Ivanovich),  |d 1922- 
245 1 0 |a Roman-ėpopei︠a︡ M. Gorʹkogo "Zhiznʹ-Klima Samgina." 
264 1 |a Moskva :  |b Khudozh. lit-ra,  |c 1965. 
300 |a 164 pages, 3 unnumbered pages ;  |c 17 cm. 
336 |a text  |b txt  |2 rdacontent 
337 |a unmediated  |b n  |2 rdamedia 
338 |a volume  |b nc  |2 rdacarrier 
490 1 |a Massovai︠a︡ istoriko-literaturnai︠a︡ biblioteka 
500 |a At head of title: Al. Ovcharenko. 
504 |a Bibliography: page [166]. 
600 1 0 |a Gorky, Maksim,  |d 1868-1936.  |t Zhiznʹ Klima Samgina. 
830 0 |a Massovai︠a︡ istoriko-literaturnai︠a︡ biblioteka. 
948 |a cataloged  |b h  |c 2005/2/14  |d c  |e spoltoratski  |f 2:40:16 pm 
994 |a E0  |b TXA 
999 |a MARS 
999 f f |s 5d31adbf-ec3e-3760-ab00-77ed9c7093e4  |i f4022448-84c8-34aa-b6cb-76662739cb31  |t 0 
952 f f |p ric  |a Texas A&M University  |b Rellis Campus  |c Joint Library Facility  |d Remote Storage  |t 0  |e PG3462.Z43 O9 1965  |h Library of Congress classification  |i unmediated -- volume  |m A14831755512 
998 f f |a PG3462.Z43 O9 1965  |t 0  |l Remote Storage